Определение параметров математического моделирования переноса химических загрязнений от точечного источника; Перспективы развития фундаментальных наук

Detalles Bibliográficos
Parent link:Перспективы развития фундаментальных наук.— 2012.— [С. 636-638]
Autor principal: Покровская Е. А. Елена Александровна
Otros Autores: Рыжакова Н. К. Надежда Кирилловна (научный руководитель)
Sumario:Заглавие с экрана
In the report the method of determining the parameters of the mathematical modeling of transport of chemical contaminants from a point source is described. The method is based on an approximation of the measured at several points in the concentrations of chemical elements of the analytical solution of the diffusionconvective transport equation.
Lenguaje:ruso
Publicado: 2012
Colección:Математика
Materias:
Acceso en línea:http://www.lib.tpu.ru/fulltext/c/2012/C21/214.pdf
Formato: Electrónico Capítulo de libro
KOHA link:https://koha.lib.tpu.ru/cgi-bin/koha/opac-detail.pl?biblionumber=238974

MARC

LEADER 00000naa2a2200000 4500
001 238974
005 20251205161118.0
035 |a (RuTPU)RU\TPU\book\260185 
035 |a RU\TPU\book\260182 
090 |a 238974 
100 |a 20130603d2012 k y0rusy50 ca 
101 0 |a rus 
102 |a RU 
135 |a drcn ---uucaa 
181 0 |a i  
182 0 |a b 
200 1 |a Определение параметров математического моделирования переноса химических загрязнений от точечного источника  |f Е. А. Покровская  |g науч. рук. Н. К. Рыжакова  |d Determination of the parameters of mathematical modeling of the transfer of chemical pollution from point source 
203 |a Текст  |c электронный 
215 |a 1 файл(373 Кб) 
225 1 |a Математика 
300 |a Заглавие с экрана 
320 |a [Библиогр.: с. 638 (3 назв.)] 
330 |a In the report the method of determining the parameters of the mathematical modeling of transport of chemical contaminants from a point source is described. The method is based on an approximation of the measured at several points in the concentrations of chemical elements of the analytical solution of the diffusionconvective transport equation. 
337 |a Adobe Reader 
463 1 |0 (RuTPU)RU\TPU\book\256864  |t Перспективы развития фундаментальных наук  |l Prospects of fundamental sciences development  |o сборник научных трудов IX Международной конференция студентов и молодых ученых, г. Томск, 24-27 апреля 2012 г.  |f Национальный исследовательский Томский политехнический университет (ТПУ) ; ред. коллегия Е. А. Вайтулевич ; Г. А. Лямина ; Г. А. Воронова ; М. П. Никитич ; А. М. Лидер ; Ю. Р. Цой ; М. Е. Семенов  |v [С. 636-638]  |d 2012 
510 1 |a Determination of the parameters of mathematical modeling of the transfer of chemical pollution from point source  |z eng 
610 1 |a электронный ресурс 
610 1 |a труды учёных ТПУ 
610 1 |a определение 
610 1 |a параметры 
610 1 |a математическое моделирование 
610 1 |a химические загрязнения 
610 1 |a точечные источники 
700 1 |a Покровская  |b Е. А.  |c физик  |c техник-дозиметрист Томского политехнического университета  |f 1989-  |g Елена Александровна  |3 (RuTPU)RU\TPU\pers\32617 
702 1 |a Рыжакова  |b Н. К.  |c физик  |c доцент Томского политехнического университета, кандидат физико-математических наук  |f 1947-  |g Надежда Кирилловна  |4 727 
801 1 |a RU  |b 63413507  |c 20101016 
801 2 |a RU  |b 63413507  |c 20160413  |g RCR 
856 4 |u http://www.lib.tpu.ru/fulltext/c/2012/C21/214.pdf 
942 |c CF